NHL First Team Allstars 2000s - Statistics

General Stats
  • This quiz has been taken 81 times
  • The average score is 18 of 31
Answer Stats
Player % Correct
Alexander Ovechkin
98%
Sidney Crosby
98%
Martin Brodeur
91%
Dominik Hasek
89%
Joe Sakic
89%
Nicklas Lidstrom
83%
Peter Forsberg
81%
Patrick Roy
79%
Steve Yzerman
79%
Evgeni Malkin
77%
Jaromir Jagr
72%
Jarome Iginla
70%
Joe Thornton
68%
Martin St. Louis
66%
Zdeno Chara
62%
Chris Pronger
60%
Dany Heatley
53%
Ray Bourque
51%
Scott Niedermayer
51%
Brendan Shanahan
49%
Chris Chelios
43%
Tim Thomas
43%
Miikka Kiprusoff
40%
Olaf Kolzig
32%
Patrik Elias
32%
Al MacInnis
28%
Evgeni Nabokov
21%
Markus Naslund
21%
Mike Green
19%
Dion Phaneuf
13%
Todd Bertuzzi
13%
No matching quizzes found
Score Distribution
Percent of People with Each Score
Percentile by Number Answered
Your Score History
You have not taken this quiz